| 000 -LEADER |
| fixed length control field |
01483pab a2200181 454500 |
| 008 - FIXED-LENGTH DATA ELEMENTS--GENERAL INFORMATION |
| fixed length control field |
180718b2002 xxu||||| |||| 00| 0 eng d |
| 100 ## - MAIN ENTRY--PERSONAL NAME |
| Personal name |
Bartlett, Dean |
| 245 ## - TITLE STATEMENT |
| Title |
Public sector innovation and entrepreneurship: case studies from local government |
| 260 ## - PUBLICATION, DISTRIBUTION, ETC. |
| Date of publication, distribution, etc. |
2002 |
| 300 ## - PHYSICAL DESCRIPTION |
| Extent |
p.107-21. |
| 362 ## - DATES OF PUBLICATION AND/OR SEQUENTIAL DESIGNATION |
| Dates of publication and/or sequential designation |
Winter |
| 520 ## - SUMMARY, ETC. |
| Summary, etc. |
This article draws together the literatures around innovation and entrepreneurship in the public sector and presents a detailed discussion of the nature of public entrepreneurship based upon 12 case studies of innovation in local government. The article identifies two important and distinctive aspects of public entrepreneurship which relate to the independent roles of a `champion' and their `sponsor' and which combine to constitute entrepreneurial government. The analyses suggest that it is useful to distinguish between at least two types of entrepreneurial government which focus upon external public needs and internal managerial empowerment respectively. The article concludes by considering how each of these models deals with the conflict and risk which we see as necessarily associated with innovation in the public sector and how each of them is differentially responsive to different stakeholders, both inside and outside of the innovating organisation. - Reproduced. |
| 650 ## - SUBJECT ADDED ENTRY--TOPICAL TERM |
| Topical term or geographic name entry element |
Local government - Case studies |
| 650 ## - SUBJECT ADDED ENTRY--TOPICAL TERM |
| Topical term or geographic name entry element |
Local government |
| 700 ## - ADDED ENTRY--PERSONAL NAME |
| Personal name |
Dibben, Pauline |
| 773 ## - HOST ITEM ENTRY |
| Main entry heading |
Local Government Studies |
| 909 ## - |
| -- |
54806 |